Collaboration, Consultation,and teamwork for students with special needs / (Record no. 276038)
[ view plain ]
| 000 -LEADER | |
|---|---|
| fixed length control field | 00616nam a22001817a 4500 |
| 005 - DATE AND TIME OF LATEST TRANSACTION | |
| control field | 20141023112737.0 |
| 008 - FIXED-LENGTH DATA ELEMENTS--GENERAL INFORMATION | |
| fixed length control field | 141008b xxu||||| |||| 00| 0 eng d |
| 020 ## - INTERNATIONAL STANDARD BOOK NUMBER | |
| International Standard Book Number | 9780132896573 |
| 050 ## - LIBRARY OF CONGRESS CALL NUMBER | |
| Classification number | LC 4031 |
| Item number | .D484 2013 |
| 100 ## - MAIN ENTRY--PERSONAL NAME | |
| Personal name | Dettmer, Peggy A. |
| 245 ## - TITLE STATEMENT | |
| Title | Collaboration, Consultation,and teamwork for students with special needs / |
| Statement of responsibility, etc | Peggy A. Dettmer, Norma T. Dyck, Linda P. Thurston. |
| 250 ## - EDITION STATEMENT | |
| Edition statement | 7th ed. |
| Remainder of edition statement | International ed. |
| 260 ## - PUBLICATION, DISTRIBUTION, ETC. (IMPRINT) | |
| Place of publication, distribution, etc | Boston : |
| Name of publisher, distributor, etc | Allyn and Bacon, |
| Date of publication, distribution, etc | c2013. |
| 300 ## - PHYSICAL DESCRIPTION | |
| Extent | 462 pages : |
| Other physical details | illustrations ; |
| Dimensions | 25 cm. |
| 650 ## - SUBJECT ADDED ENTRY--TOPICAL TERM | |
| Topical term or geographic name as entry element | Special needs. |
| 650 ## - SUBJECT ADDED ENTRY--TOPICAL TERM | |
| Topical term or geographic name as entry element | Teamwork. |
| 942 ## - ADDED ENTRY ELEMENTS (KOHA) | |
| Source of classification or shelving scheme | Library of Congress Classification |
| Koha item type | Books |
| Call number prefix | Foreign |
| Withdrawn status | Lost status | Source of classification or shelving scheme | Damaged status | Home library | Current library | Shelving location | Date acquired | Source of acquisition | Total Checkouts | Total Renewals | Full call number | Barcode | Date last seen | Date checked out | Price effective from | Koha item type |
|---|---|---|---|---|---|---|---|---|---|---|---|---|---|---|---|---|
| Library of Congress Classification | College Library | College Library | Reserve Section | 10/08/2014 | Library Fund | 1 | 17 | LC 4031 .D484 2013 | C18786 | 05/15/2018 | 06/22/2015 | 10/08/2014 | Books |